| 000 | 00705nam a22002057a 4500 | ||
|---|---|---|---|
| 999 |
_c6969 _d6969 |
||
| 003 | AR-CdUCM | ||
| 008 | 190319b ||||| |||| 00| 0 spa d | ||
| 040 |
_aMUNICIPALIDAD PROVINCIAL DEL CUSCO _cBIBLIOTECA MUNICIPAL DEL CUSCO |
||
| 082 |
_a149.918 / _bH927 |
||
| 100 |
_aHumphreys, Christmas _919648 |
||
| 245 | _aConcentracion y meditacion / | ||
| 260 |
_aGuayaquil : _bAriel, _c1976. |
||
| 300 |
_a186 páginas ; _c22 cm. |
||
| 505 | _aContenido : Introducción -- Observaciones preliminares -- Concentración -- Meditación inferior -- Temas de meditación ... | ||
| 650 |
_aMeditación _916920 |
||
| 650 |
_aConcentración _919649 |
||
| 650 |
_aHumano _9596 |
||
| 942 |
_2ddc _cLIBROS |
||
| 945 | _arah | ||